000 00949cam a2200289 4500
001 38000
003 BD-RjUL
005 20211209052714.0
008 150824r19661961nyua b 000 0 eng
035 _a(BD-RjUL)38105
035 _a(NNC)2647429
040 _aDLC
_cDLC
_dCOU
_dZCU
_dBD-RjUL
_beng
041 _aeng
082 _a543.1
_223
_bVOT 1966
100 1 _aVogel, Arthur I.
_q(Arthur Israel)
_9117699
245 0 2 _aA text-book of quantitative inorganic analysis, including elementary instrumental analysis /
_cArthur Israel Vogel.
250 _a3d ed.
260 _aNew York,
_bWiley
_cc1961,
_c[impressions 1964,1966].
300 _a1216 p.
_billus.
_c24 cm.
504 _aIncludes bibliography.
650 0 _aChemistry, Analytic
_xQuantitative.
_9117700
650 0 _aChemistry, Inorganic.
_9117207
650 2 _aChemistry Techniques, Analytical.
_9117701
942 _2ddc
_cBK
999 _c38000
_d38000